000 00702nam a2200181 a 4500
001 000004027
005 20200929150654.0
008 090716s1970 dr a r 001 0 spa d
040 _aDO-SdBNP
_bspa
_cBNPHU
082 _axxx
_bR696n
100 1 _aRodríguez, Bolívar E.
_910308
245 1 4 _aLas naciones unidas y la comprensión internacional :
_buna guía para la educación del futuro /
_cBolívar E. Rodríguez.
260 _aSanto Domingo :
_bTalleres Gráficos Offset,
_c1970.
300 _a191 p. :
_bil. ;
_c22 cm.
500 _aIncluye índice
500 _aIncluye notas al pie de páginas
500 _aPublicado en el año internacional de la educación, vigesimoquinto de las naciones unidas.
999 _c3846
_d3846